[Event "Mittelfranken-chTB2a 1617"]
[Site "Mittelfranken"]
[Date "2017.03.05"]
[Round "7.7"]
[White "Sawitzki, Nikolaus"]
[Black "Schoenberger, Andreas"]
[Result "0-1"]
[WhiteElo "1715"]
[BlackElo "1798"]
[PlyCount "65"]
[EventDate "2016.10.23"]
[EventType "team-tourn"]
[EventRounds "9"]
[EventCountry "GER"]
[SourceTitle "EXT 2022"]
[Source "ChessBase"]
[SourceDate "2021.10.06"]
[SourceVersion "1"]
[SourceVersionDate "2021.10.06"]
[SourceQuality "1"]
[WhiteTeam "Fuerth SG"]
[BlackTeam "Buechenbach/Roth II"]
[WhiteTeamCountry "GER"]
[BlackTeamCountry "GER"]

1. e4 c5 2. Bc4 Nc6 3. d3 g6 4. a3 Bg7 5. Nf3 e6 6. Nc3 Nge7 7. 0-0 d5 8. exd5 exd5 9. Ba2 0-0 10. h3 a6 11. Ne2 Be6 12. c3 d4 13. cxd4 Bxa2 14. Rxa2 Nxd4 15. Nexd4 cxd4 16. b4 Nd5 17. Bd2 Rc8 18. Rc2 Nc3 19. Bxc3 Rxc3 20. Rxc3 dxc3 21. Qc2 Qd5 22. Rd1 a5 23. d4 axb4 24. axb4 Rc8 25. Rd3 Qc4 26. b5 Qb4 27. Kh2 Rc4 28. b6 Qxb6 29. Rxc3 Qc7+ 30. g3 Rxc3 31. Qe4 h6 32. h4 Qc6 33. Qf4 0-1

[Event "Mittelfranken-chTB2a 1516"]
[Site "Mittelfranken"]
[Date "2016.02.14"]
[Round "6.6"]
[White "Goetz, Dieter"]
[Black "Schoenberger, Andreas"]
[Result "1-0"]
[WhiteElo "1828"]
[BlackElo "1770"]
[PlyCount "139"]
[EventDate "2015.10.18"]
[EventType "team-tourn"]
[EventRounds "9"]
[EventCountry "GER"]
[SourceTitle "EXT 2020"]
[Source "ChessBase"]
[SourceDate "2019.10.17"]
[SourceVersion "1"]
[SourceVersionDate "2019.10.17"]
[SourceQuality "1"]
[WhiteTeam "Nuernberg SK 1911"]
[BlackTeam "Buechenbach/Roth II"]
[WhiteTeamCountry "GER"]
[BlackTeamCountry "GER"]

1. c4 Nf6 2. Nc3 g6 3. g3 Bg7 4. Bg2 0-0 5. e4 e5 6. Nge2 Nc6 7. 0-0 d6 8. d3 Bg4 9. h3 Be6 10. Nd5 Qd7 11. Kh2 Nh5 12. Nec3 Nd4 13. g4 Nf6 14. Bg5 Bxd5 15. cxd5 h6 16. Be3 c6 17. f4 cxd5 18. fxe5 dxe5 19. exd5 Qe7 20. Qd2 h5 21. g5 Nd7 22. Ne4 Nf5 23. Bf2 Rfd8 24. Rac1 Nb6 25. Nc3 Nd4 26. Be4 Rd7 27. Be3 Rad8 28. Qg2 Rc8 29. a4 Nb3 30. Rc2 Nd4 31. Rcc1 Nb3 32. Rc2 Rdc7 33. Bxb6 axb6 34. Rcf2 Qb4 35. Nb5 Rd7 36. d6 Nc5 37. Bd5 Qxa4 38. Nc3 Qd4 39. Rxf7 Rxf7 40. Rxf7 Kh8 41. Bxb7 Rd8 42. d7 Rxd7 43. Rxd7 Qxd7 44. Be4 Nxd3 45. Bxg6 Qd8 46. Bxd3 Qxd3 47. Qa8+ Kh7 48. Qe4+ Qxe4 49. Nxe4 Kg6 50. Kg3 Kf5 51. Kf3 Bf8 52. h4 Bb4 53. Ng3+ Kg6 54. Ke4 Bd6 55. Nf5 Bb8 56. Ne7+ Kf7 57. Nc6 Bc7 58. Nxe5+ Ke6 59. Nf3 Bg3 60. Nd4+ Kf7 61. Nf5 Bf2 62. Ke5 b5 63. b3 b4 64. Kf4 Be1 65. Kf3 Kg6 66. Ke2 Bc3 67. Ne7+ Kg7 68. Nd5 Be5 69. Kf3 Bd6 70. Nf4 1-0

[Event "Mittelfranken-chTB2a 1415"]
[Site "Mittelfranken"]
[Date "2015.03.08"]
[Round "7.3"]
[White "Schoenberger, Andreas"]
[Black "Dippel, Joerg"]
[Result "0-1"]
[WhiteElo "1770"]
[BlackElo "1799"]
[PlyCount "86"]
[EventDate "2014.09.28"]
[EventType "team-tourn"]
[EventRounds "9"]
[EventCountry "GER"]
[SourceTitle "EXT 2020"]
[Source "ChessBase"]
[SourceDate "2019.10.17"]
[SourceVersion "1"]
[SourceVersionDate "2019.10.17"]
[SourceQuality "1"]
[WhiteTeam "Buechenbach/Roth II"]
[BlackTeam "Anderssen/78 Nuernberg"]
[WhiteTeamCountry "GER"]
[BlackTeamCountry "GER"]

1. e4 e6 2. d4 d5 3. exd5 exd5 4. Bd3 c6 5. h3 Bd6 6. Nf3 Nf6 7. 0-0 0-0 8. Be3 Re8 9. Nbd2 Be6 10. c3 Nbd7 11. Ng5 Nf8 12. Nxe6 Nxe6 13. Qf3 Nd7 14. Rfe1 Qf6 15. Qg4 g6 16. Nf1 Qg7 17. Bd2 Nef8 18. Re3 Rxe3 19. Nxe3 Re8 20. Qf3 f5 21. Nxd5 cxd5 22. Qxd5+ Re6 23. Re1 Nb6 24. Qb3 Qe7 25. Rd1 Kg7 26. c4 Bb8 27. Bc3 Kh6 28. d5 Re5 29. Bxe5 Bxe5 30. Bf1 Nfd7 31. Qe3+ f4 32. Qd2 Na4 33. Re1 Qf6 34. Qa5 Nac5 35. b4 Bc3 36. Rc1 Ne4 37. Qxa7 Bd4 38. Qxb7 Bxf2+ 39. Kh1 Qd4 40. g4 Ng3+ 41. Kg2 Qd2 42. h4 Nxf1 43. Kxf1 Bg3 0-1

[Event "Mittelfranken-chTB2a 1415"]
[Site "Mittelfranken"]
[Date "2014.12.14"]
[Round "4.3"]
[White "Veh Hoelzlein, Michael"]
[Black "Schoenberger, Andreas"]
[Result "0-1"]
[WhiteElo "1950"]
[BlackElo "1770"]
[PlyCount "81"]
[EventDate "2014.09.28"]
[EventType "team-tourn"]
[EventRounds "9"]
[EventCountry "GER"]
[SourceTitle "EXT 2020"]
[Source "ChessBase"]
[SourceDate "2019.10.17"]
[SourceVersion "1"]
[SourceVersionDate "2019.10.17"]
[SourceQuality "1"]
[WhiteTeam "Cadolzburg"]
[BlackTeam "Buechenbach/Roth II"]
[WhiteTeamCountry "GER"]
[BlackTeamCountry "GER"]

1. e4 c5 2. Nf3 Nc6 3. Bb5 g6 4. 0-0 Bg7 5. c3 Nf6 6. Re1 a6 7. Ba4 b5 8. Bc2 d6 9. d4 cxd4 10. cxd4 0-0 11. h3 h6 12. a4 Bb7 13. Nc3 b4 14. Ne2 d5 15. e5 Ne4 16. Nf4 Na5 17. Nxd5 Bxd5 18. Bxe4 Bxe4 19. Rxe4 Qd5 20. Re1 Nb3 21. Rb1 Rfd8 22. Be3 Rac8 23. Qd3 Rc6 24. Red1 Nc5 25. Qd2 Nxa4 26. Qxb4 Rc4 27. Qxe7 Rb8 28. b3 Rcb4 29. Ra1 Qxb3 30. Nd2 Qd3 31. Rdc1 Nc3 32. Kh1 Nd5 33. Qd6 Nxe3 34. Rc8+ Rxc8 35. Qxb4 Bf8 36. Qb7 Rc2 37. Ne4 Qxd4 38. Nf6+ Kg7 39. Ne8+ Kh8 40. Ra5 Rc1+ 41. Kh2 0-1

[Event "Mittelfranken-chTB2b 1112"]
[Site "Germany"]
[Date "2012.02.05"]
[Round "6.5"]
[White "Schoenberger, Andreas"]
[Black "Vogt, Peter"]
[Result "0-1"]
[WhiteElo "1802"]
[BlackElo "1927"]
[PlyCount "56"]
[EventDate "2011.09.25"]
[EventType "team-tourn"]
[EventRounds "9"]
[EventCountry "GER"]
[SourceTitle "EXT 2013"]
[Source "ChessBase"]
[SourceDate "2012.11.22"]
[SourceVersion "1"]
[SourceVersionDate "2012.11.22"]
[SourceQuality "1"]
[WhiteTeam "Buechenbach/Roth II"]
[BlackTeam "Schwanstetten"]
[WhiteTeamCountry "GER"]
[BlackTeamCountry "GER"]

1. e4 c5 2. Nf3 d6 3. d4 cxd4 4. Nxd4 Nf6 5. Nc3 a6 6. Be2 e5 7. Nb3 Be7 8. Be3 0-0 9. Qd3 Nc6 10. Nd5 Be6 11. Bb6 Qd7 12. Nxe7+ Qxe7 13. 0-0-0 Rac8 14. f3 Nb4 15. Qd2 Rxc2+ 16. Qxc2 Nxc2 17. Kxc2 Rc8+ 18. Kb1 d5 19. exd5 Nxd5 20. Ba5 Ne3 21. Rd2 Bf5+ 22. Bd3 Bxd3+ 23. Rxd3 Nxg2 24. Rhd1 h6 25. Rd7 Qf6 26. Rxb7 Qf5+ 27. Ka1 Qxf3 28. Rbd7 e4 0-1

[Event "Mittelfranken-chTB1 1011"]
[Site "Germany"]
[Date "2010.12.05"]
[Round "4.8"]
[White "Beck, Gerhard"]
[Black "Schoenberger, Andreas"]
[Result "1-0"]
[WhiteElo "1960"]
[BlackElo "1826"]
[PlyCount "83"]
[EventDate "2010.09.26"]
[EventType "team-tourn"]
[EventRounds "9"]
[EventCountry "GER"]
[SourceTitle "EXT 2012"]
[Source "ChessBase"]
[SourceDate "2011.11.24"]
[SourceVersion "1"]
[SourceVersionDate "2011.11.24"]
[SourceQuality "1"]
[WhiteTeam "Fuerth"]
[BlackTeam "Buechenbach/Roth"]
[WhiteTeamCountry "GER"]
[BlackTeamCountry "GER"]

1. d4 Nf6 2. c4 g6 3. Nc3 Bg7 4. e4 d6 5. Bg5 0-0 6. Qd2 Nc6 7. Nge2 e5 8. d5 Ne7 9. f3 Bd7 10. g4 Ne8 11. Ng3 f6 12. Be3 f5 13. gxf5 gxf5 14. Nh5 f4 15. Bf2 Ng6 16. Nxg7 Nxg7 17. h4 Nh5 18. 0-0-0 Ng3 19. Bxg3 fxg3 20. Qg2 Nxh4 21. Qxg3+ Ng6 22. Bh3 Rf7 23. Be6 Bxe6 24. dxe6 Rg7 25. Rdg1 Qf6 26. Qh3 Re8 27. Nd5 Qxe6 28. Qh6 c6 29. Ne3 Rd7 30. Rh5 Qf6 31. Nf5 Re6 32. Rhg5 Qf8 33. Qh3 Qe8 34. Kc2 d5 35. c5 b6 36. Qh5 bxc5 37. Nh4 Kf8 38. Nxg6+ hxg6 39. Rxg6 Rxg6 40. Rxg6 Rf7 41. Qh8+ Ke7 42. Re6+ 1-0

[Event "Mittelfranken-chTB2b 0910"]
[Site "Mittelfranken"]
[Date "2010.01.10"]
[Round "5.4"]
[White "Schoenberger, Andreas"]
[Black "Hetzner, Helmut"]
[Result "1-0"]
[WhiteElo "1877"]
[BlackElo "1814"]
[PlyCount "59"]
[EventDate "2009.10.11"]
[EventType "team-tourn"]
[EventRounds "9"]
[EventCountry "GER"]
[SourceTitle "EXT 2011"]
[Source "ChessBase"]
[SourceDate "2010.11.26"]
[SourceVersion "1"]
[SourceVersionDate "2010.11.26"]
[SourceQuality "1"]
[WhiteTeam "Buechenbach/Roth II"]
[BlackTeam "Schwabach"]
[WhiteTeamCountry "GER"]
[BlackTeamCountry "GER"]

1. e4 e5 2. Nf3 Nc6 3. Bc4 Bc5 4. 0-0 d6 5. c3 Bg4 6. d3 Qd7 7. b4 Bb6 8. a4 a6 9. Be3 Bxe3 10. fxe3 Nf6 11. Qe1 0-0 12. Nbd2 d5 13. exd5 Nxd5 14. Ne4 Bxf3 15. Rxf3 Nb6 16. Nc5 Qc8 17. Bb3 Nd7 18. Ne4 Qe8 19. Ng5 Nd8 20. Nxh7 Ne6 21. Qh4 Qd8 22. Qh5 Qe7 23. Rh3 f6 24. Nxf8 Ndxf8 25. Rf1 Rd8 26. d4 exd4 27. exd4 c6 28. Re1 g6 29. Qh8+ Kf7 30. Rh7+ 1-0

[Event "Mittelfranken-chTB2b 0910"]
[Site "Mittelfranken"]
[Date "2009.12.06"]
[Round "4.4"]
[White "Ziegler, Peter"]
[Black "Schoenberger, Andreas"]
[Result "1-0"]
[WhiteElo "1852"]
[BlackElo "1877"]
[PlyCount "81"]
[EventDate "2009.10.11"]
[EventType "team-tourn"]
[EventRounds "9"]
[EventCountry "GER"]
[SourceTitle "EXT 2011"]
[Source "ChessBase"]
[SourceDate "2010.11.26"]
[SourceVersion "1"]
[SourceVersionDate "2010.11.26"]
[SourceQuality "1"]
[WhiteTeam "Nuernberg Zabo"]
[BlackTeam "Buechenbach/Roth II"]
[WhiteTeamCountry "GER"]
[BlackTeamCountry "GER"]

1. e4 c5 2. Nc3 d6 3. d3 g6 4. g3 Bg7 5. Bg2 Nf6 6. Nge2 Nc6 7. 0-0 0-0 8. h3 Rb8 9. f4 e6 10. Be3 Qe7 11. d4 Rd8 12. Qd2 cxd4 13. Nxd4 Nxd4 14. Bxd4 b6 15. Rad1 Bb7 16. Qf2 d5 17. exd5 Nxd5 18. Bxg7 Kxg7 19. Nxd5 Bxd5 20. Bxd5 Rxd5 21. Rxd5 exd5 22. Qd4+ Qf6 23. Rd1 Rd8 24. Kg2 Qxd4 25. Rxd4 Kf6 26. Kf3 Ke6 27. Ke3 Rc8 28. c3 Kd6 29. Kd3 Ke6 30. Kd2 Rc4 31. Kd3 Rc8 32. g4 Rd8 33. Ke3 Rd7 34. Rd2 Kd6 35. Kd3 Kc5 36. Re2 Kd6 37. Kd4 f6 38. f5 Rc7 39. Re6+ Kd7 40. Rxf6 gxf5 41. Rxf5 1-0

[Event "Mittelfranken-chTB2b 0910"]
[Site "Mittelfranken"]
[Date "2009.10.11"]
[Round "1.4"]
[White "Korth, Manfred"]
[Black "Schoenberger, Andreas"]
[Result "0-1"]
[WhiteElo "1762"]
[BlackElo "1877"]
[PlyCount "78"]
[EventDate "2009.10.11"]
[EventType "team-tourn"]
[EventRounds "9"]
[EventCountry "GER"]
[SourceTitle "EXT 2011"]
[Source "ChessBase"]
[SourceDate "2010.11.26"]
[SourceVersion "1"]
[SourceVersionDate "2010.11.26"]
[SourceQuality "1"]
[WhiteTeam "Heideck/Hilpoltstein"]
[BlackTeam "Buechenbach/Roth II"]
[WhiteTeamCountry "GER"]
[BlackTeamCountry "GER"]

1. Nf3 d5 2. g3 Nf6 3. Bg2 Bf5 4. 0-0 e6 5. d3 Be7 6. Nbd2 0-0 7. Qe1 Nc6 8. c3 Rb8 9. h3 d4 10. Nh4 Nd5 11. Nxf5 exf5 12. Nb3 Bf6 13. cxd4 Nxd4 14. Nxd4 Bxd4 15. e3 Bb6 16. Qd1 c6 17. a3 Re8 18. Qf3 Qd7 19. Rd1 Qe6 20. Bd2 Rbd8 21. Rac1 Nc7 22. Bc3 Nb5 23. Be1 Qb3 24. Qe2 h6 25. Rc4 Nd6 26. Qc2 Qb5 27. Rb4 Qe5 28. Bc3 Qe6 29. g4 Bc7 30. Qe2 a5 31. gxf5 Qxf5 32. Rg4 g6 33. e4 Qh5 34. Qf3 Nb5 35. Bd2 Nd4 36. Qe3 f5 37. Bc3 c5 38. Bxd4 cxd4 39. Qc1 fxg4 0-1

[Event "Mittelfrankenliga-B2b 0607"]
[Site "Mittelfranken"]
[Date "2007.02.11"]
[Round "6.8"]
[White "Schoenberger, Andreas"]
[Black "Schmid, Stefan1111"]
[Result "1/2-1/2"]
[WhiteElo "1914"]
[BlackElo "1650"]
[PlyCount "57"]
[EventDate "2006.10.22"]
[EventType "team-tourn"]
[EventRounds "9"]
[EventCountry "GER"]
[SourceTitle "EXT 2011"]
[Source "ChessBase"]
[SourceDate "2010.11.26"]
[SourceVersion "1"]
[SourceVersionDate "2010.11.26"]
[SourceQuality "1"]
[WhiteTeam "Buechenbach/Roth"]
[BlackTeam "Nuernberg Zabo"]
[WhiteTeamCountry "GER"]
[BlackTeamCountry "GER"]

1. e4 e6 2. d4 d5 3. exd5 exd5 4. Bd3 Bd6 5. Nf3 Ne7 6. Bg5 f6 7. Bh4 Bf5 8. 0-0 0-0 9. Nc3 c6 10. Re1 Bxd3 11. Qxd3 Ng6 12. Qf5 Qd7 13. Qxd7 Nxd7 14. Re6 Bb4 15. Rae1 Kf7 16. Bg3 Bxc3 17. bxc3 Rfe8 18. Rxe8 Rxe8 19. Rb1 b5 20. a4 a6 21. Kf1 Re6 22. Ne1 Nb6 23. axb5 cxb5 24. Nd3 Na4 25. Rb3 Ne7 26. Nb4 Nb6 27. f3 Nc4 28. Kf2 Ke8 29. Rb1 1/2-1/2

[Event "Mittelfrankenliga-B1 0506"]
[Site "Germany"]
[Date "2006.04.02"]
[Round "8.4"]
[White "Schoenberger, Andreas"]
[Black "Augustin, Achim"]
[Result "1-0"]
[WhiteElo "1965"]
[BlackElo "1948"]
[PlyCount "81"]
[EventDate "2005.10.16"]
[EventType "team"]
[EventRounds "9"]
[EventCountry "GER"]
[SourceTitle "EXT 2007"]
[Source "ChessBase"]
[SourceDate "2006.11.23"]
[SourceVersion "1"]
[SourceVersionDate "2006.11.23"]
[SourceQuality "1"]

1. e4 c5 2. Nf3 e6 3. d4 cxd4 4. Nxd4 a6 5. Nc3 Qc7 6. Be2 Nf6 7. a3 b5 8. 0-0 b4 9. axb4 Bxb4 10. Ra4 Bxc3 11. bxc3 Bb7 12. f3 d5 13. exd5 Nxd5 14. Rc4 Qa5 15. Qd2 0-0 16. Qg5 Nd7 17. Nb3 Qb6+ 18. Kh1 f6 19. Qh5 g6 20. Qh6 Rf7 21. Nd4 e5 22. Nb3 a5 23. Rh4 a4 24. Na1 Nxc3 25. Be3 Qb2 26. Bd3 f5 27. g4 Nf8 28. gxf5 gxf5 29. Rg1+ Kh8 30. Qh5 Bd5 31. Bxf5 Ne2 32. Rf1 Qc3 33. Be4 Bxe4 34. Qxf7 Qxe3 35. Rxe4 Qd2 36. Qf6+ Kg8 37. Qxe5 Nc3 38. Rg1+ Ng6 39. Qe6+ Kf8 40. Qf6+ Kg8 41. Re7 1-0

[Event "Mittelfrankenliga-B1 0506"]
[Site "Germany"]
[Date "2006.01.29"]
[Round "5.6"]
[White "Dittmar, Thomas"]
[Black "Schoenberger, Andreas"]
[Result "1-0"]
[WhiteElo "1903"]
[BlackElo "1965"]
[PlyCount "91"]
[EventDate "2005.10.16"]
[EventType "team"]
[EventRounds "9"]
[EventCountry "GER"]
[SourceTitle "EXT 2007"]
[Source "ChessBase"]
[SourceDate "2006.11.23"]
[SourceVersion "1"]
[SourceVersionDate "2006.11.23"]
[SourceQuality "1"]

1. d4 Nf6 2. Nf3 g6 3. c4 Bg7 4. Nc3 d6 5. e4 0-0 6. Be2 Nbd7 7. Bg5 h6 8. Bh4 e5 9. d5 g5 10. Bg3 Nh5 11. h4 Nxg3 12. fxg3 g4 13. Nh2 h5 14. 0-0 Nc5 15. Qc2 Bh6 16. b4 Na6 17. a3 c6 18. Bd3 Qb6+ 19. Kh1 Qe3 20. Ne2 Kg7 21. Rae1 Qb6 22. Nc3 Qd4 23. Nd1 Bd7 24. Rf2 cxd5 25. exd5 Rac8 26. Re4 Qa1 27. Re1 Qxa3 28. Bf5 Nxb4 29. Qe4 Bxf5 30. Qxf5 Qd3 31. Qf6+ Kh7 32. Qxd6 Qxg3 33. Qxb4 Bf4 34. Nf1 Qxh4+ 35. Kg1 g3 36. Rf3 Qg4 37. Nde3 Qg5 38. d6 Rfd8 39. Qb1+ Kg7 40. Nf5+ Kf8 41. N5xg3 Rxc4 42. Qxb7 h4 43. Ne4 Rxe4 44. Qxe4 Rxd6 45. Qb4 Qg6 46. Rd1 1-0

[Event "Mittelfrankenliga-B1 0506"]
[Site "Germany"]
[Date "2006.01.15"]
[Round "4.5"]
[White "Truempelmann, Jochen"]
[Black "Schoenberger, Andreas"]
[Result "0-1"]
[WhiteElo "1965"]
[BlackElo "1947"]
[PlyCount "64"]
[EventDate "2005.10.16"]
[EventType "team"]
[EventRounds "9"]
[EventCountry "GER"]
[SourceTitle "EXT 2007"]
[Source "ChessBase"]
[SourceDate "2006.11.23"]
[SourceVersion "1"]
[SourceVersionDate "2006.11.23"]
[SourceQuality "1"]

1. e4 c5 2. d4 cxd4 3. c3 dxc3 4. Nxc3 e6 5. Nf3 Bb4 6. Bc4 Ne7 7. 0-0 0-0 8. Qb3 Qa5 9. Rd1 Nbc6 10. Bf4 Bxc3 11. bxc3 d5 12. exd5 exd5 13. Bxd5 Nxd5 14. Rxd5 Qa6 15. Rb5 Be6 16. Qb2 b6 17. Rg5 Qc4 18. Be3 Ne7 19. Nd4 Bd5 20. Rg3 Rac8 21. Bg5 Rfe8 22. Re1 Nf5 23. Rxe8+ Rxe8 24. Be3 Nxg3 25. hxg3 Qxa2 26. Qb5 Rd8 27. Nf5 Be4 28. Ne7+ Kh8 29. Qe5 Qe6 30. Qc7 Re8 31. Nc6 Bxc6 32. Qxa7 Qe4 0-1